| 000 | 00469nam a2200145Ia 4500 | ||
|---|---|---|---|
| 008 | 231129s2010||||xx |||||||||||||| ||spa|| | ||
| 020 | _a978-958-44-7681-4 | ||
| 040 | _bspa | ||
| 082 | _aCo863 ó83r | ||
| 100 | _aOsorio Jaramillo Ramiro Antonio | ||
| 245 | 0 | _aReencuentros y extravíos: crónica de una mascota | |
| 260 | _c2010 | ||
| 264 | _a[Santa Rosa de Cabal] Colombia : Ramiro Antonio Osorio Jaramillo | ||
| 942 |
_2ddc _cBKS |
||
| 999 |
_c23820 _d23820 |
||